[Event "Monarch Assurance Isle of Man 9th"]
[Site "Port Erin IOM"]
[Date "2000.10.21"]
[Round "8.3"]
[White "Sutovsky, Emil"]
[Black "Gladyszev, Oleg"]
[Result "1-0"]
[WhiteElo "2609"]
[BlackElo "2351"]
[PlyCount "91"]
[EventDate "2000.10.14"]
[EventType "swiss"]
[EventRounds "9"]
[EventCountry "IOM"]
[SourceTitle "BritBase"]
[SourceDate "2008.07.14"]
[SourceVersion "1"]
[SourceVersionDate "2008.07.14"]
[SourceQuality "2"]

1. e4 c5 2. Nf3 e6 3. d3 Nc6 4. g3 g6 5. Bg5 f6 6. Be3 d5 7. c3 dxe4 8. dxe4
Qxd1+ 9. Kxd1 b6 10. Nfd2 Bh6 11. f4 Nge7 12. Na3 e5 13. Nb5 exf4 14. gxf4 Bg4+
15. Kc2 Rd8 16. Rg1 Bc8 17. Nc4 O-O 18. Ncd6 Be6 19. Rd1 Rd7 20. Bc1 f5 21. e5
a6 22. Na3 b5 23. h4 Na5 24. b3 Nc8 25. Nxc8 Rxd1 26. Ne7+ Kf7 27. Kxd1 Kxe7
28. Be3 Rc8 29. Rg2 Bf8 30. c4 b4 31. Nc2 Kf7 32. Rd2 Be7 33. Bf2 h6 34. Ne1 g5
35. hxg5 hxg5 36. fxg5 Bxg5 37. Rd6 Nb7 38. Rxa6 Rd8+ 39. Nd3 Rd7 40. Ke2 f4
41. Rxe6 Kxe6 42. Bh3+ Ke7 43. Bxd7 Kxd7 44. Nxc5+ Nxc5 45. Bxc5 Ke6 46. Bd6
1-0

[Event "Monarch Assurance Isle of Man 9th"]
[Site "Port Erin IOM"]
[Date "2000.10.21"]
[Round "8.5"]
[White "Akesson, Ralf"]
[Black "Arakhamia-Grant, Ketevan"]
[Result "0-1"]
[WhiteElo "2486"]
[BlackElo "2405"]
[PlyCount "66"]
[EventDate "2000.10.14"]
[EventType "swiss"]
[EventRounds "9"]
[EventCountry "IOM"]
[SourceTitle "BritBase"]
[SourceDate "2008.07.14"]
[SourceVersion "1"]
[SourceVersionDate "2008.07.14"]
[SourceQuality "2"]

1. Nf3 Nf6 2. c4 g6 3. Nc3 Bg7 4. e4 d6 5. d4 O-O 6. h3 Nbd7 7. Be3 e5 8. d5
Nc5 9. Nd2 a5 10. g4 c6 11. Be2 cxd5 12. cxd5 Bd7 13. h4 a4 14. g5 Ne8 15. h5
f6 16. hxg6 hxg6 17. gxf6 Nxf6 18. Bxc5 dxc5 19. Bc4 Be8 20. d6+ Bf7 21. Bxf7+
Rxf7 22. Nc4 Qe8 23. Nd5 Qe6 24. Ndb6 Nxe4 25. Qc2 Nxf2 26. Nxa8 Qd5 27. Rh2
Nd3+ 28. Ke2 Qf3+ 29. Kd2 Bh6+ 30. Rxh6 Qf2+ 31. Kxd3 Qd4+ 32. Ke2 Rf2+ 33. Ke1
Rxc2 0-1

[Event "Monarch Assurance Isle of Man 9th"]
[Site "Port Erin IOM"]
[Date "2000.10.21"]
[Round "8.6"]
[White "Cooper, Lawrence"]
[Black "Arkell, Keith"]
[Result "1-0"]
[WhiteElo "2345"]
[BlackElo "2481"]
[PlyCount "147"]
[EventDate "2000.10.14"]
[EventType "swiss"]
[EventRounds "9"]
[EventCountry "IOM"]
[SourceTitle "BritBase"]
[SourceDate "2008.07.14"]
[SourceVersion "1"]
[SourceVersionDate "2008.07.14"]
[SourceQuality "2"]

1. e4 c6 2. d4 d5 3. Nd2 dxe4 4. Nxe4 Nd7 5. Bg5 Ngf6 6. Nxf6+ Nxf6 7. Bxf6
gxf6 8. Bc4 Qa5+ 9. c3 Rg8 10. g3 Be6 11. Bxe6 fxe6 12. Qe2 Qf5 13. Nf3 Rg4 14.
O-O Re4 15. Qd3 Rf4 16. Ne1 Rg4 17. Qxf5 exf5 18. f4 e6 19. Ng2 Kf7 20. Rad1 b5
21. Rd3 Bd6 22. Kf2 h5 23. Ke2 a5 24. Kd2 a4 25. Kc2 Rag8 26. Rf2 Ke7 27. Re3
Kd7 28. Rfe2 Re8 29. Rf3 Rg7 30. Rfe3 Rg4 31. Rf3 Re7 32. b3 axb3+ 33. axb3 Rg8
34. Rf1 Ra8 35. Kb2 c5 36. dxc5 Bxc5 37. b4 Bb6 38. Rfe1 Bc7 39. Nh4 Bd6 40.
Nf3 Ra6 41. Nd4 Bb8 42. Nxb5 e5 43. Nd4 Rf7 44. Nxf5 exf4 45. Re7+ Rxe7 46.
Rxe7+ Kd8 47. gxf4 Bxf4 48. h4 Rd6 49. Re4 Rd2+ 50. Kb3 Rf2 51. Kc4 Be5 52. Nd4
Bg3 53. Ne2 Bc7 54. Nd4 f5 55. Re2 Rf4 56. Kd5 Kd7 57. Ne6 Rxh4 58. Nxc7 Kxc7
59. c4 Rg4 60. b5 Rg7 61. c5 f4 62. b6+ Kb7 63. Kc4 f3 64. Re6 f2 65. Rf6 Ka6
66. Rxf2 Rg4+ 67. Kd5 Rg5+ 68. Kd6 Rg6+ 69. Ke5 Rg8 70. Rf7 Kb5 71. Kd6 Rg6+
72. Kd7 Kxc5 73. b7 Rb6 74. Rf5+ 1-0

[Event "Monarch Assurance Isle of Man 9th"]
[Site "Port Erin IOM"]
[Date "2000.10.21"]
[Round "8.8"]
[White "Kiriakov, Petr"]
[Black "Ward, Chris"]
[Result "1/2-1/2"]
[WhiteElo "2525"]
[BlackElo "2510"]
[PlyCount "90"]
[EventDate "2000.10.14"]
[EventType "swiss"]
[EventRounds "9"]
[EventCountry "IOM"]
[SourceTitle "BritBase"]
[SourceDate "2008.07.14"]
[SourceVersion "1"]
[SourceVersionDate "2008.07.14"]
[SourceQuality "2"]

1. d4 Nf6 2. c4 e6 3. Nc3 Bb4 4. Qc2 d5 5. cxd5 exd5 6. Bg5 c5 7. a3 Bxc3+ 8.
Qxc3 c4 9. g3 O-O 10. Bg2 Nc6 11. e3 Be6 12. Ne2 h6 13. Bxf6 Qxf6 14. b3 b5 15.
O-O Rfd8 16. bxc4 bxc4 17. Rfb1 Rab8 18. Nf4 Rxb1+ 19. Rxb1 g5 20. Ne2 Bg4 21.
Qd2 Bxe2 22. Qxe2 Qd6 23. Rb5 Ne7 24. e4 Qxa3 25. exd5 Nf5 26. Qxc4 Qa1+ 27.
Qf1 Qxd4 28. Qb1 Nd6 29. Rb4 Qe5 30. Ra4 Qe7 31. Qa1 Rd7 32. h4 Rc7 33. hxg5
hxg5 34. Rb4 Rb7 35. Rg4 f6 36. Bf1 Nf7 37. Rc4 Ne5 38. Rc8+ Kg7 39. Bg2 Rc7
40. Rb8 Qc5 41. Rb1 a5 42. Rd1 Qb4 43. Rb1 Qc5 44. Rd1 Qb4 45. Rb1 Qc5 1/2-1/2

[Event "Monarch Assurance Isle of Man 9th"]
[Site "Port Erin IOM"]
[Date "2000.10.21"]
[Round "8.10"]
[White "Palliser, Richard"]
[Black "Reinemer, Frank"]
[Result "1-0"]
[WhiteElo "2322"]
[BlackElo "2186"]
[PlyCount "89"]
[EventDate "2000.10.14"]
[EventType "swiss"]
[EventRounds "9"]
[EventCountry "IOM"]
[SourceTitle "BritBase"]
[SourceDate "2008.07.14"]
[SourceVersion "1"]
[SourceVersionDate "2008.07.14"]
[SourceQuality "2"]

1. d4 c5 2. d5 e6 3. e4 Nf6 4. Nc3 d6 5. Nf3 e5 6. Bb5+ Nbd7 7. a4 Be7 8. h3
O-O 9. Be3 Ne8 10. O-O g6 11. Qd2 Ng7 12. Bh6 Kh8 13. Rad1 a6 14. Be2 b6 15. g3
Nf6 16. Kg2 Ng8 17. Bxg7+ Kxg7 18. h4 h6 19. h5 Qd7 20. Rh1 g5 21. Nh2 Nf6 22.
Nf1 Rb8 23. Ne3 Kh7 24. g4 b5 25. axb5 axb5 26. f3 Bd8 27. Ra1 c4 28. b3 b4 29.
Ncd1 c3 30. Qd3 Bb6 31. Ra4 Bc5 32. Nf2 Qc7 33. Rha1 Nd7 34. R4a2 Bb7 35. Nfd1
Ra8 36. Rxa8 Rxa8 37. Rxa8 Bxa8 38. Qb5 Qb7 39. Nf5 Qc8 40. Nf2 Bb7 41. Qa5 Nf6
42. Bc4 Qb8 43. Nd3 Bc8 44. Qd8 Nd7 45. Qe8 1-0

[Event "Monarch Assurance Isle of Man 9th"]
[Site "Port Erin IOM"]
[Date "2000.10.21"]
[Round "8.11"]
[White "Rayner, Francis"]
[Black "Fraser-Mitchell, Jeremy"]
[Result "1-0"]
[WhiteElo "2256"]
[BlackElo "2113"]
[PlyCount "43"]
[EventDate "2000.10.14"]
[EventType "swiss"]
[EventRounds "9"]
[EventCountry "IOM"]
[SourceTitle "BritBase"]
[SourceDate "2008.07.14"]
[SourceVersion "1"]
[SourceVersionDate "2008.07.14"]
[SourceQuality "2"]

1. e4 e6 2. d4 d5 3. Nc3 Bb4 4. e5 c5 5. Bd2 Ne7 6. Nf3 cxd4 7. Nb5 Bxd2+ 8.
Qxd2 O-O 9. Nbxd4 Nbc6 10. O-O-O Bd7 11. Bd3 Nxd4 12. Nxd4 Nc6 13. Nf3 b5 14.
h4 a5 15. Ng5 h6 16. Nh7 Nxe5 17. Nxf8 Qxf8 18. f4 Nc4 19. Bxc4 bxc4 20. Rhe1
Ba4 21. Re3 Qc5 22. Rg3 1-0

[Event "Monarch Assurance Isle of Man 9th"]
[Site "Port Erin IOM"]
[Date "2000.10.21"]
[Round "8.12"]
[White "Goodger, Martyn"]
[Black "Allen, Keith"]
[Result "1-0"]
[WhiteElo "2148"]
[BlackElo "2250"]
[PlyCount "55"]
[EventDate "2000.10.14"]
[EventType "swiss"]
[EventRounds "9"]
[EventCountry "IOM"]
[SourceTitle "BritBase"]
[SourceDate "2008.07.14"]
[SourceVersion "1"]
[SourceVersionDate "2008.07.14"]
[SourceQuality "2"]

1. e4 e5 2. Nf3 Nc6 3. d4 exd4 4. Nxd4 Bc5 5. Nb3 Bb6 6. Nc3 Qf6 7. Qe2 Nge7 8.
Nd5 Nxd5 9. exd5+ Ne7 10. h4 h6 11. Bd2 Qxb2 12. Rh3 Bd4 13. Bc1 Qc3+ 14. Rxc3
Bxc3+ 15. Kd1 Bxa1 16. Nxa1 d6 17. Bb2 Rg8 18. Nb3 Bd7 19. Nd4 a6 20. Qe3 Kd8
21. Qf3 Ke8 22. Bd3 Rd8 23. c4 g6 24. Qe3 h5 25. Ne2 c5 26. Bf6 Ba4+ 27. Kd2
Rd7 28. Nc3 1-0

[Event "Monarch Assurance Isle of Man 9th"]
[Site "Port Erin IOM"]
[Date "2000.10.21"]
[Round "8.13"]
[White "Peters, Stephen"]
[Black "Yurenok, Maria"]
[Result "1/2-1/2"]
[WhiteElo "2157"]
[BlackElo "2058"]
[PlyCount "86"]
[EventDate "2000.10.14"]
[EventType "swiss"]
[EventRounds "9"]
[EventCountry "IOM"]
[SourceTitle "BritBase"]
[SourceDate "2008.07.14"]
[SourceVersion "1"]
[SourceVersionDate "2008.07.14"]
[SourceQuality "2"]

1. d4 d5 2. c4 c6 3. Nf3 Nf6 4. Nc3 dxc4 5. a4 Bf5 6. e3 e6 7. Bxc4 Bb4 8. O-O
Nbd7 9. Qe2 Bg6 10. e4 Bxc3 11. bxc3 Nxe4 12. Ba3 Qc7 13. Qe3 O-O-O 14. a5 Kb8
15. Be7 Rc8 16. Bh4 Ka8 17. Nd2 Ndf6 18. Nxe4 Nxe4 19. f3 Nd6 20. Bd3 Bxd3 21.
Qxd3 Nf5 22. Bf2 h5 23. Rfb1 Rhd8 24. g4 hxg4 25. fxg4 Ne7 26. Bg3 Qd7 27. Rb6
Nd5 28. Ra3 c5 29. Rd6 c4 30. Qd1 Qe7 31. Rxd8 Rxd8 32. Qa4 Rc8 33. a6 bxa6 34.
Qxa6 Qb7 35. Qa5 g6 36. h3 Qb6 37. Qa4 Qb7 38. Qa5 Qb6 39. Qa4 Qb7 40. Qa5 Qb1+
41. Kg2 Qb6 42. Qa4 Qb7 43. Kf2 Qb2+ 1/2-1/2

[Event "Monarch Assurance Isle of Man 9th"]
[Site "Port Erin IOM"]
[Date "2000.10.21"]
[Round "8.14"]
[White "Jackson, Adrian"]
[Black "Hughes, Andrew"]
[Result "1-0"]
[WhiteElo "2207"]
[BlackElo "2043"]
[PlyCount "81"]
[EventDate "2000.10.14"]
[EventType "swiss"]
[EventRounds "9"]
[EventCountry "IOM"]
[SourceTitle "BritBase"]
[SourceDate "2008.07.14"]
[SourceVersion "1"]
[SourceVersionDate "2008.07.14"]
[SourceQuality "2"]

1. e4 c5 2. Nf3 e6 3. d4 cxd4 4. Nxd4 Nf6 5. Nc3 Nc6 6. Ndb5 d6 7. Bf4 e5 8.
Bg5 a6 9. Na3 b5 10. Nd5 Qa5+ 11. Bd2 Qd8 12. Nxf6+ Qxf6 13. c4 Qh4 14. Bd3 Bg4
15. Be2 Bxe2 16. Qxe2 Nd4 17. Qd3 Qg4 18. O-O Rb8 19. cxb5 Nxb5 20. Nxb5 Rxb5
21. b4 Be7 22. a4 Rb6 23. b5 axb5 24. axb5 O-O 25. Ra7 Bg5 26. Ba5 Rbb8 27. Bc7
Rfc8 28. b6 Bd8 29. b7 Bxc7 30. bxc8=Q+ Rxc8 31. Qc4 Bb6 32. Qxf7+ Kh8 33. h3
Qg5 34. Qb7 Bxf2+ 35. Kh1 Rg8 36. Rxf2 h5 37. Ra8 Qc1+ 38. Kh2 h4 39. Rxg8+
Kxg8 40. Qf7+ Kh7 41. Rf5 1-0

[Event "Monarch Assurance Isle of Man 9th"]
[Site "Port Erin IOM"]
[Date "2000.10.21"]
[Round "8.15"]
[White "Clark, Stephen P"]
[Black "Johnson, Paul A"]
[Result "1-0"]
[WhiteElo "2133"]
[BlackElo "1728"]
[PlyCount "113"]
[EventDate "2000.10.14"]
[EventType "swiss"]
[EventRounds "9"]
[EventCountry "IOM"]
[SourceTitle "BritBase"]
[SourceDate "2008.07.14"]
[SourceVersion "1"]
[SourceVersionDate "2008.07.14"]
[SourceQuality "2"]

1. d4 d5 2. Nf3 Nf6 3. Bf4 e6 4. e3 c5 5. Nbd2 Be7 6. h3 Nc6 7. c3 Bd7 8. Bd3
Rc8 9. O-O O-O 10. Ne5 Qb6 11. Rb1 Rfd8 12. g4 Nxe5 13. Bxe5 Bb5 14. Bxb5 Qxb5
15. g5 Nd7 16. Nf3 Nxe5 17. Nxe5 f6 18. gxf6 Bxf6 19. Qg4 Qe8 20. f4 Bxe5 21.
fxe5 Rd7 22. Rf6 Re7 23. Rbf1 b6 24. Kh2 Kh8 25. R6f4 h6 26. h4 Qg8 27. h5 Ree8
28. Qg6 Rf8 29. Rf7 Rxf7 30. Qxf7 a5 31. Kg3 Qxf7 32. Rxf7 Kg8 33. Re7 Rc6 34.
Kf4 Kf8 35. Rd7 c4 36. a4 b5 37. Ra7 Rb6 38. Rxa5 bxa4 39. Rxa4 Rxb2 40. Ra6
Kf7 41. Ra7+ Kg8 42. Re7 Rb6 43. e4 Kf8 44. Rc7 Rb3 45. exd5 exd5 46. e6 Rxc3
47. Ke5 Ra3 48. Kxd5 c3 49. Kd6 Ra8 50. Kd7 Re8 51. Rxc3 Re7+ 52. Kd6 Re8 53.
Rf3+ Kg8 54. e7 Ra8 55. d5 Ra6+ 56. Kd7 Ra7+ 57. Ke6 1-0

[Event "Monarch Assurance Isle of Man 9th"]
[Site "Port Erin IOM"]
[Date "2000.10.21"]
[Round "8.16"]
[White "Hickman, John"]
[Black "Hill, David F"]
[Result "0-1"]
[WhiteElo "2121"]
[BlackElo "1992"]
[PlyCount "44"]
[EventDate "2000.10.14"]
[EventType "swiss"]
[EventRounds "9"]
[EventCountry "IOM"]
[SourceTitle "BritBase"]
[SourceDate "2008.07.14"]
[SourceVersion "1"]
[SourceVersionDate "2008.07.14"]
[SourceQuality "2"]

1. d3 d5 2. Nf3 Nc6 3. g3 Nf6 4. Bg2 e5 5. O-O Be7 6. Nbd2 O-O 7. c3 e4 8. dxe4
dxe4 9. Ne1 e3 10. fxe3 Ng4 11. Nc2 Bc5 12. Nb3 Bd6 13. Nbd4 Nxh2 14. Kxh2 Qh4+
15. Kg1 Qxg3 16. Nf3 Bh3 17. Rf2 Ne5 18. Nce1 Ng4 19. Rf1 Rae8 20. Qd5 Re5 21.
Qxb7 Rf5 22. e4 Rxf3 0-1

[Event "Monarch Assurance Isle of Man 9th"]
[Site "Port Erin IOM"]
[Date "2000.10.21"]
[Round "8.17"]
[White "Garces, Diego"]
[Black "Sedgwick, David"]
[Result "1-0"]
[WhiteElo "2154"]
[BlackElo "2091"]
[PlyCount "89"]
[EventDate "2000.10.14"]
[EventType "swiss"]
[EventRounds "9"]
[EventCountry "IOM"]
[SourceTitle "BritBase"]
[SourceDate "2008.07.14"]
[SourceVersion "1"]
[SourceVersionDate "2008.07.14"]
[SourceQuality "2"]

1. c4 Nf6 2. Nc3 e6 3. e4 d5 4. e5 Ne4 5. Nf3 Na6 6. Be2 c5 7. cxd5 exd5 8.
Nxe4 dxe4 9. Qa4+ Bd7 10. Qxe4 Bc6 11. Qg4 Nb4 12. O-O g6 13. d4 h5 14. Qf4 Bh6
15. Qf6 Qxf6 16. exf6 Nc2 17. Bxh6 Rxh6 18. Rad1 Bxf3 19. Bxf3 Nxd4 20. Rfe1+
Kf8 21. Bxb7 Rb8 22. Re7 g5 23. Rc7 Rxf6 24. b3 Kg7 25. Bd5 Rd8 26. Rxc5 Ne6
27. Rcc1 Nf4 28. Bc4 Re8 29. Rd2 h4 30. h3 g4 31. hxg4 h3 32. g3 h2+ 33. Kh1
Nh3 34. f4 Re3 35. g5 Rf5 36. Kxh2 Nxf4 37. gxf4 Rxf4 38. Rg2 Kg6 39. Rf1 Rh4+
40. Kg1 Reh3 41. Rf6+ Kg7 42. Rxf7+ Kg6 43. Rxa7 Rh1+ 44. Kf2 Rf4+ 45. Ke3 1-0

[Event "Monarch Assurance Isle of Man 9th"]
[Site "Port Erin IOM"]
[Date "2000.10.21"]
[Round "8.18"]
[White "Benson, Paul"]
[Black "Nicholson, John"]
[Result "1-0"]
[WhiteElo "2011"]
[BlackElo "2021"]
[PlyCount "35"]
[EventDate "2000.10.14"]
[EventType "swiss"]
[EventRounds "9"]
[EventCountry "IOM"]
[SourceTitle "BritBase"]
[SourceDate "2008.07.14"]
[SourceVersion "1"]
[SourceVersionDate "2008.07.14"]
[SourceQuality "2"]

1. d4 Nf6 2. Nc3 d5 3. Bg5 Nbd7 4. Nf3 e6 5. e4 dxe4 6. Nxe4 Be7 7. Nxf6+ gxf6
8. Bf4 c5 9. dxc5 Bxc5 10. Qd2 Qb6 11. O-O-O Bxf2 12. Bc4 e5 13. Bh6 e4 14.
Rhf1 exf3 15. Rxf2 Ne5 16. Bb3 Be6 17. Ba4+ Ke7 18. Be3 1-0

[Event "Monarch Assurance Isle of Man 9th"]
[Site "Port Erin IOM"]
[Date "2000.10.21"]
[Round "8.19"]
[White "McLeod, Fraser"]
[Black "Rattray, Ross"]
[Result "0-1"]
[WhiteElo "2132"]
[BlackElo "2109"]
[PlyCount "50"]
[EventDate "2000.10.14"]
[EventType "swiss"]
[EventRounds "9"]
[EventCountry "IOM"]
[SourceTitle "BritBase"]
[SourceDate "2008.07.14"]
[SourceVersion "1"]
[SourceVersionDate "2008.07.14"]
[SourceQuality "2"]

1. d4 d5 2. c4 c6 3. Nf3 Nf6 4. Nc3 e6 5. Bg5 dxc4 6. e4 b5 7. e5 h6 8. Bh4 g5
9. Nxg5 hxg5 10. Bxg5 Nbd7 11. exf6 Bb7 12. Qf3 Qb6 13. Qe3 O-O-O 14. Rd1 Bd6
15. f4 c5 16. Ne4 Bxe4 17. Qxe4 cxd4 18. Qxd4 Bb4+ 19. Ke2 Nc5 20. Qe3 Rxd1 21.
Kxd1 Rd8+ 22. Kc2 Rd2+ 23. Qxd2 Bxd2 24. Kxd2 Ne4+ 25. Kc1 Qe3+ 0-1

[Event "Monarch Assurance Isle of Man 9th"]
[Site "Port Erin IOM"]
[Date "2000.10.21"]
[Round "8.20"]
[White "Van Kemenade, Rudy"]
[Black "Ellison, D George"]
[Result "1/2-1/2"]
[WhiteElo "2080"]
[BlackElo "2100"]
[PlyCount "129"]
[EventDate "2000.10.14"]
[EventType "swiss"]
[EventRounds "9"]
[EventCountry "IOM"]
[SourceTitle "BritBase"]
[SourceDate "2008.07.14"]
[SourceVersion "1"]
[SourceVersionDate "2008.07.14"]
[SourceQuality "2"]

1. e4 c5 2. Nf3 e6 3. d4 cxd4 4. Nxd4 a6 5. Nd2 d6 6. g3 Nc6 7. Nxc6 bxc6 8.
Bg2 d5 9. O-O Nf6 10. c4 Be7 11. b3 O-O 12. Bb2 Bb7 13. cxd5 cxd5 14. exd5 Bxd5
15. Nc4 Bxg2 16. Kxg2 Qd5+ 17. Qf3 Qxf3+ 18. Kxf3 Nd5 19. Rfd1 Rfd8 20. Rac1
Kf8 21. Ne5 Bf6 22. Ba3+ Ke8 23. Nc4 Be7 24. Bxe7 Kxe7 25. Ne5 Rdc8 26. a3 a5
27. Rc6 f6 28. Rdc1 Rcb8 29. Nc4 Rxb3+ 30. Kg2 Rb7 31. Re1 Nc7 32. Nd6 Kd7 33.
Rec1 Rba7 34. Ne4 Nd5 35. Rd6+ Ke7 36. Rcc6 Nc7 37. Nc5 Rd8 38. Rxd8 Kxd8 39.
Rd6+ Ke8 40. Rd7 Nb5 41. Rxa7 Nxa7 42. Nxe6 Kd7 43. Nxg7 Nb5 44. Nh5 Ke6 45.
Nf4+ Ke5 46. Kf3 Nxa3 47. Ke3 Nc2+ 48. Kd3 Nb4+ 49. Kc4 Ke4 50. Nh5 Nd5 51. f3+
Ke5 52. Kb5 Ne3 53. Kxa5 Nf1 54. f4+ Kf5 55. h3 Nxg3 56. Nxg3+ Kxf4 57. Ne2+
Kf3 58. Nd4+ Kg3 59. Kb4 Kxh3 60. Kc3 Kg4 61. Kd2 h5 62. Ke2 h4 63. Kf2 h3 64.
Nf3 f5 65. Nh2+ 1/2-1/2

[Event "Monarch Assurance Isle of Man 9th"]
[Site "Port Erin IOM"]
[Date "2000.10.21"]
[Round "8.21"]
[White "Spanton, Tim"]
[Black "Shepherd, Michael"]
[Result "1-0"]
[WhiteElo "2081"]
[BlackElo "2035"]
[PlyCount "117"]
[EventDate "2000.10.14"]
[EventType "swiss"]
[EventRounds "9"]
[EventCountry "IOM"]
[SourceTitle "BritBase"]
[SourceDate "2008.07.14"]
[SourceVersion "1"]
[SourceVersionDate "2008.07.14"]
[SourceQuality "2"]

1. e4 c5 2. c4 Nc6 3. Ne2 d6 4. d4 cxd4 5. Nxd4 Nf6 6. Nc3 a6 7. Be2 e6 8. Be3
Be7 9. Nc2 Qc7 10. O-O b6 11. f4 O-O 12. Qd3 Bb7 13. Rad1 Rfd8 14. g4 Rac8 15.
Bf2 Na5 16. Ne3 Nd7 17. b4 Nc6 18. a3 Na7 19. Rc1 Qb8 20. Bf3 Qa8 21. Rfd1 b5
22. g5 Rc7 23. cxb5 Nxb5 24. Nxb5 Rxc1 25. Rxc1 axb5 26. Qxb5 Qxa3 27. Rc7 Ba6
28. Qa5 Qxa5 29. bxa5 Bf8 30. Nc2 d5 31. exd5 exd5 32. Bxd5 Bd6 33. Ra7 Bd3 34.
Nd4 Bc5 35. Nc6 Bxa7 36. Nxd8 Bb8 37. Nxf7 Kf8 38. Ne5 Nxe5 39. fxe5 Bxe5 40.
Bb7 Bf4 41. h4 h6 42. gxh6 gxh6 43. a6 Bxa6 44. Bxa6 Be5 45. Kg2 Kg7 46. Kf3
Bc3 47. Kg4 Bb2 48. Kh5 Bc3 49. Be3 Bb2 50. Bxh6+ Kh7 51. Bd3+ Kg8 52. Kg6 Kh8
53. h5 Kg8 54. Bg5 Bc3 55. h6 Bd4 56. Be7 Bc3 57. Bc4+ Kh8 58. Bf8 Bb4 59. Bg7#
1-0

[Event "Monarch Assurance Isle of Man 9th"]
[Site "Port Erin IOM"]
[Date "2000.10.22"]
[Round "9.1"]
[White "Hebden, Mark"]
[Black "Cooper, Lawrence"]
[Result "1-0"]
[WhiteElo "2505"]
[BlackElo "2345"]
[PlyCount "119"]
[EventDate "2000.10.14"]
[EventType "swiss"]
[EventRounds "9"]
[EventCountry "IOM"]
[SourceTitle "BritBase"]
[SourceDate "2008.07.14"]
[SourceVersion "1"]
[SourceVersionDate "2008.07.14"]
[SourceQuality "2"]

1. d4 Nf6 2. Nf3 d5 3. c4 dxc4 4. e3 e6 5. Bxc4 c5 6. O-O a6 7. e4 Nxe4 8. d5
Be7 9. dxe6 Bxe6 10. Qxd8+ Bxd8 11. Bxe6 fxe6 12. Re1 Nd6 13. Bf4 Nf5 14. Rxe6+
Kf7 15. Re5 Nd4 16. Rxc5 Nxf3+ 17. gxf3 Nc6 18. Nc3 Be7 19. Rc4 Rhd8 20. Ne4
Rd5 21. Kg2 Rad8 22. Be3 Rd1 23. Rac1 Rxc1 24. Rxc1 Rd5 25. f4 Rb5 26. b3 Ra5
27. Rc2 Rd5 28. Ng5+ Kg6 29. Ne6 Rd1 30. Re2 Kf7 31. Bc5 Bf6 32. Ng5+ Kg6 33.
Ne4 Nd4 34. Bxd4 Rxd4 35. Kf3 a5 36. Rd2 Rb4 37. Nc5 b6 38. Ne4 a4 39. Rd3 axb3
40. axb3 Be7 41. Ng3 Rb5 42. Nf1 Kf7 43. Ne3 Rh5 44. Kg3 b5 45. f5 Rh6 46. Rd7
Ke8 47. Rb7 b4 48. Nd5 Bd6+ 49. f4 Rh5 50. Kg4 Rxh2 51. f6 gxf6 52. Nxf6+ Kf8
53. Nxh7+ Kg8 54. Nf6+ Kf8 55. Kf5 Re2 56. Rb6 Ke7 57. Ne4 Bc7 58. Rxb4 Re3 59.
Nf6 Rd3 60. Ke4 1-0

[Event "Monarch Assurance Isle of Man 9th"]
[Site "Port Erin IOM"]
[Date "2000.10.22"]
[Round "9.2"]
[White "Arakhamia-Grant, Ketevan"]
[Black "Sherbakov, Ruslan"]
[Result "1/2-1/2"]
[WhiteElo "2405"]
[BlackElo "2558"]
[PlyCount "131"]
[EventDate "2000.10.14"]
[EventType "swiss"]
[EventRounds "9"]
[EventCountry "IOM"]
[SourceTitle "BritBase"]
[SourceDate "2008.07.14"]
[SourceVersion "1"]
[SourceVersionDate "2008.07.14"]
[SourceQuality "2"]

1. e4 c5 2. Nf3 Nc6 3. d4 cxd4 4. Nxd4 Qb6 5. Nb3 Nf6 6. Bd3 d5 7. exd5 Nxd5 8.
O-O e6 9. N1d2 Be7 10. Ne4 Ne5 11. Be2 Qc7 12. Nd4 O-O 13. Nb5 Qb8 14. c4 Nb4
15. Qb3 a6 16. Nd4 Nbc6 17. Be3 Nxd4 18. Bxd4 Nc6 19. Bb6 e5 20. Rad1 Be6 21.
Qg3 f5 22. Nc5 Bxc5 23. Bxc5 Rd8 24. Bb6 Rxd1 25. Rxd1 Qf8 26. b3 Qa3 27. Qc3
Re8 28. h4 Qe7 29. g3 f4 30. Bf3 Bf7 31. Be4 Be6 32. Qf3 fxg3 33. fxg3 Rf8 34.
Bd5 Kh8 35. Qe3 Qd7 36. Bf3 Nd4 37. Bxd4 exd4 38. Qxd4 Qc7 39. Qd6 Qf7 40. Rf1
Qe8 41. Qd4 Qb8 42. Kg2 Bf5 43. Rf2 Bc8 44. Bd5 Qd6 45. Rxf8+ Qxf8 46. Qe5 Qd8
47. Qf4 b5 48. Qf7 bxc4 49. bxc4 Bd7 50. Kh2 h6 51. Qg6 Qa5 52. Qc2 Qc5 53. Qe2
Bc6 54. Qd2 a5 55. Bxc6 Qxc6 56. Qd5 Qe8 57. Qd2 Qe4 58. c5 Qc4 59. Qf2 a4 60.
Qf8+ Kh7 61. Qf5+ Kh8 62. a3 Qa2+ 63. Kh3 Qxa3 64. c6 Qc1 65. Qf8+ Kh7 66. Qf5+
1/2-1/2

[Event "Monarch Assurance Isle of Man 9th"]
[Site "Port Erin IOM"]
[Date "2000.10.22"]
[Round "9.3"]
[White "Sutovsky, Emil"]
[Black "Volkov, Sergey"]
[Result "1-0"]
[WhiteElo "2609"]
[BlackElo "2554"]
[PlyCount "129"]
[EventDate "2000.10.14"]
[EventType "swiss"]
[EventRounds "9"]
[EventCountry "IOM"]
[SourceTitle "BritBase"]
[SourceDate "2008.07.14"]
[SourceVersion "1"]
[SourceVersionDate "2008.07.14"]
[SourceQuality "2"]

1. e4 e6 2. d4 d5 3. Nc3 Nf6 4. Bg5 dxe4 5. Nxe4 Be7 6. Bxf6 gxf6 7. Nf3 b6 8.
Bc4 Bb7 9. Qe2 c6 10. O-O Qc7 11. Ng3 Nd7 12. Nf5 exf5 13. Rfe1 Nf8 14. Nh4 Ng6
15. Nxf5 h5 16. Qf3 Kf8 17. Nxe7 Nxe7 18. Qxf6 Ng6 19. Re5 Rh7 20. Rg5 Rg7 21.
Re1 c5 22. dxc5 bxc5 23. f4 Qxf4 24. Rxg6 Qxf6 25. Rxf6 Rxg2+ 26. Kf1 Rg7 27.
Re5 Rd8 28. Rf2 Bc8 29. Rxc5 Bg4 30. Rd5 Re8 31. Rd3 Re4 32. Bd5 Re5 33. c4 h4
34. Rb3 a5 35. Rb8+ Ke7 36. Rb7+ Kd6 37. Rfxf7 Be2+ 38. Kf2 Rxf7+ 39. Rxf7 Bd3
40. Rf6+ Kc5 41. Re6 Rg5 42. Rh6 Re5 43. Re6 Rg5 44. Rh6 Re5 45. Bf3 Bxc4 46.
Rxh4 Bxa2 47. Ra4 Bc4 48. Rxa5+ Bb5 49. h4 Kb4 50. Ra8 Be8 51. Kg3 Bg6 52. Rg8
Bf7 53. Rg7 Be8 54. Rg4+ Kb3 55. Re4 Rxe4 56. Bxe4 Bh5 57. Kf4 Kxb2 58. Kg5 Be2
59. Bf5 Kc3 60. Bg4 Bc4 61. h5 Kd4 62. h6 Bg8 63. Be6 Bh7 64. Bf5 Bg8 65. Kf6
1-0

[Event "Monarch Assurance Isle of Man 9th"]
[Site "Port Erin IOM"]
[Date "2000.10.22"]
[Round "9.4"]
[White "Quinn, Mark"]
[Black "Cherniaev, Alexander"]
[Result "1/2-1/2"]
[WhiteElo "2381"]
[BlackElo "2454"]
[PlyCount "42"]
[EventDate "2000.10.14"]
[EventType "swiss"]
[EventRounds "9"]
[EventCountry "IOM"]
[SourceTitle "BritBase"]
[SourceDate "2008.07.14"]
[SourceVersion "1"]
[SourceVersionDate "2008.07.14"]
[SourceQuality "2"]

1. c4 c6 2. e4 d5 3. exd5 cxd5 4. d4 Nf6 5. Nc3 Nc6 6. Bg5 Be6 7. Nge2 dxc4 8.
Nf4 Nxd4 9. Nxe6 Nxe6 10. Bxc4 Qxd1+ 11. Rxd1 a6 12. Bxe6 fxe6 13. O-O h6 14.
Be3 g6 15. Na4 Bg7 16. Nb6 Rb8 17. Bf4 Rd8 18. Rxd8+ Kxd8 19. Be5 Ke8 20. Rd1
Kf7 21. f3 Nd5 1/2-1/2